Kultúru prevezme KSK

Bibliographic Details
Main Author: bm (Author)
Corporate Author: Košický samosprávny kraj (Slovensko). Úrad (Author)
Format: Article
Language:Slovak
Subjects:

MARC

LEADER 00000nab a2200000 a 4500
001 vtls000908606
003 SK-MaSNL
005 20260303192315.0
008 040720e20020327xo 0 slo
035 |a KE17538 
040 |a KEVKJB  |b slo  |c KEVKJB  |e AACR2 
041 0 |a slo 
044 |a xo  |c SK 
080 |a 353.2  |2 1981 
100 0 |a bm  |4 aut  |9 840066 
245 1 0 |a Kultúru prevezme KSK 
610 2 7 |a Košický samosprávny kraj (Slovensko).  |b Úrad  |2 KEVKJB  |9 30611 
650 0 7 |a kultúra  |2 KEVKJB  |9 886 
650 0 7 |a kompetencie  |2 KEVKJB  |9 506123 
650 0 7 |a prevod  |2 KEVKJB  |9 887833 
650 0 7 |a informácie  |2 KEVKJB  |9 1285 
651 7 |a Košice (Slovensko)  |2 KEVKJB  |9 18694 
651 7 |a KE,  |2 KEVKJB  |9 877256 
655 7 |a periodikum  |2 snkbucl  |9 29553 
710 2 |a Košický samosprávny kraj (Slovensko).  |b Úrad  |4 aut  |9 30611 
773 0 8 |t Košický večer  |g Roč. 13  |g Roč. 34, č.61, 27.3.2002, s. 3 
852 |a ZVYKNI  |b KIS3GCP 
999 |c 2145489  |d 2147419